000 00325nam a22001457a 4500
008 170203b xxu||||| |||| 00| 0 eng d
020 _a97807817211039
041 _aeng
080 _a61
082 _29ED
100 _a3
101 _aSHM
245 _aTHE HUMAN BODYINHEALTH AN DDISECASE
_cCOHEN BARBARA
942 _2udc
_cBK
999 _c4410
_d4410